| 000 | | | 03948nmc2a22002891x 450 |
| 001 | | | 1dfe6bfd-802a-4888-8def-a0aa5623b028 |
| 005 | | | 20131226143856.0 |
| 100 | ## | $a | 20130529l18851924k y0rusy50 ca |
| 101 | 0# | $a | rus |
| 102 | ## | $a | RU |
| 105 | ## | $a | y z ||||| |
| 122 | 2# | $a | d18850211 |
| | $a | d19241226 |
| 200 | 1# | $a | Нимандера Евг. П. |
| | $j | 11 февраля 1885 - 26 декабря 1924 |
| 215 | ## | $a | 21 лист |
| | $c | откр. |
| 251 | ## | $c | Дело |
| 300 | ## | $a | Заголовок дела на папке: Письма Нимандера Евг. П. Кони А. Ф. |
| 300 | ## | $a | 10 писем |
| 300 | ## | $a | Рукописный текст |
| 330 | ## | $a | Переписка А. Ф. Кони; Письма к А. Ф. Кони |
| 461 | #0 | $1 | 0013a54f2e3-e9cf-409b-80fa-f0a9bd3c40cb |
| | $1 | 2001 |
| | $a | Кони Анатолий Федорович, юрист, литератор, член академии наук, председатель Санкт-Петербургского окружного суда, член государственного совета |
| | $1 | 251 |
| | $c | Фонд |
| | $1 | 852 |
| | $j | 564 |
| 462 | #0 | $1 | 00178a475cd-a47d-4377-bff3-cee4b81de655 |
| | $1 | 2001 |
| | $a | Опись дел фонда А. Ф. Кони за 1880-1931 гг. |
| | $1 | 251 |
| | $c | Опись |
| | $1 | 852 |
| | $j | 1 |
| 517 | ## | $a | Письма Нимандера Евг. П. Кони А. Ф. |
| 600 | #1 | $a | Кони |
| | $b | А. Ф. |
| | $f | 1844-1927 |
| | $g | Анатолий Федорович |
| 600 | #1 | $a | Нимандер |
| | $b | Е. П. |
| | $g | Евгений П. |
| 801 | #0 | $a | RU |
| | $b | GA_RF |
| 801 | #1 | $a | RU |
| | $b | НПО Опыт |
| | $c | 20130529 |
| | $2 | rusmarc |
| 801 | #2 | $a | RU |
| | $b | ПБ им. Б.Н. Ельцина |
| | $c | 20131226 |
| | $g | RCR |
| | $2 | rusmarc |
| 852 | ## | $a | ГА РФ |
| | $j | 2724 |
| 937 | ## | $d | 42542446 |
| | $h | ПБ |
| 035 | ## | $a | RuPRLIB51003505 |